000 00738nam a2200265 i 4500
001 C2-0264718
003 PPAK
005 20180727232938.0
008 050509s2001 mnua|||| ||||| | eng d
020 _a0895656825
040 _aPPAK
_beng
_cPPAK
_erda
082 0 4 _a428.6
_223
090 0 0 _a428.6
_bMON
_dK
100 1 _aMoncure, Jane Belk,
_eauthor
245 1 4 _aThe biggest snowball of all
264 1 _aMankato, Minnesota :
_bThe Child's World ,
_c2001
300 _a31 pages :
_bcolour illustrations ;
_c20 cm
336 _2rdacontent
_atext
337 _2rdamedia
_aunmediated
338 _2rdacarrier
_avolume
490 1 _aMagic castle readers
650 1 0 _aReaders.
830 0 _aMagic castle readers
942 _ddc
_cB
999 _c74457
_d74457